| 000 | 00408pab a2200169 454500 | ||
|---|---|---|---|
| 008 | 180718b1972 xxu||||| |||| 00| 0 eng d | ||
| 100 | _aHaragopal, G. | ||
| 245 | _aPublic perception of strike | ||
| 260 | _c1972 | ||
| 300 | _ap.571-586. | ||
| 362 | _aOct-Dec | ||
| 650 | _aStrikes | ||
| 700 | _aManohar, K. Murali | ||
| 773 | _aIndian Journal of Public Administration | ||
| 908 | _aN | ||
| 909 | _a99973 | ||
| 999 |
_c99972 _d99972 |
||